01195nam a2200301 a 4500001001000000003000900010005001700019007000300036008003300039020001500072040003000087082003300117100004300150245012100193246002600314264004900340300002600389336002800415337003500443338002700478490001600505505006200521651009500583651008300678700004000761710005100801730004100852000044160DO-SdBPM20250513090202.0ta140602s2003 dr 000 0 spa d a9993403911 aDO-SdBPMbspacBPMSUerda 4a320.97293054bG261o 20032221 aGatón Arce, Freddy41920-1994eautor10aOpinión editorial :bEl Nacional 1966-1974 /cFreddy Gatón Arce ; recopilación y notas Andrés Blanco Díaz.13aEl Nacional 1966-1974 aSanto Domingo :bFundación Corripio,c2003 av. (797) p. ;c24 cm. atextob txt2rdacontent asin mediación bbn2rdamedia aotro bnz2 rdacarrier0 aPrisma,v100 av. 1 : sept. 1976-jun. 1968 -- v. 2 : Jul.1968- dic.1969. 7aRepública Dominicana xPolítica y gobierno y1966-1974 xArtículos periodísticos. 7aRepública Dominicana xHistoria xArtículos periodísticos. y1966-19741 aBlanco Díaz, Andrés4compilador1 aRepública Dominicana.bFundación Corripio  aEl Nacional. República Dominicana